Mort subite Les enfants des années 40 - Statistiques

Statistiques générales
  • Ce quiz a été pris 49 fois
  • Le résultat moyen est 4 sur 40
Answers on the Grid
Answers color-coded by a green-red scale on the quiz's grid according to % correct below.
Fred Chichin
Bernard Kouchner
David Hasselhoff
Marie-Pierre Casey
Marlène Jobert
Jean-Pierre Pernaut
Cesária Évora
Henri Guybet
Jacques Dutronc
Nicole Garcia
Jack Lang
Joe Biden
Pape François
Brian De Palma
Hugo Chávez
Jean-Patrick Capdevielle
David Hasselhoff
Coline Serreau
Amanda Lear
Gérard Klein
Philippe Labro
Pierre Arditi
Gérard Jugnot
Roger Bambuck
Ève Ruggieri
Laurent Voulzy
Macha Méril
Shinzō Abe
Jean Nouvel
Robert Redford
Christian Lacroix
Michel Drucker
Jean-Claude Drouot
Jean-Pierre Castaldi
Woody Allen
François Valéry
Patrick Duffy
Enrico Macias
Barbara Hendricks
Aldo Maccione
Philippe de Villiers
Bernard Minet
Stone
Popeck
Michel Polnareff
Arlette Chabot
Eddy Mitchell
Guy Roux
Al Pacino
Tom Selleck
Francis Cabrel
George Foreman
Alain Delon
Jean-Michel Jarre
Cheryl Ladd
Franck Provost
Isabelle Aubret
Lionnel Astier
Aimé Jacquet
Salvatore Adamo
Martine Aubry
Martin Lamotte
Jane Fonda
Thierry Sabine
Pierre Douglas
Bernard Lavilliers
Françoise Laborde
Julio Iglesias
Marc Jolivet
Chantal Lauby
Ridley Scott
Glenn Close
Roberto Benigni
Josiane Balasko
Hervé Vilard
Bob Dylan
Dustin Hoffman
Mick Jagger
Dave
Vladimir Poutine
 
Statistiques - réponses
Réponse % Correct
1943 Jacques Dutronc
50%
1943 Julio Iglesias
50%
1948 Laurent Voulzy
50%
1944 Pierre Arditi
50%
1941 Aimé Jacquet
25%
1940 Al Pacino
25%
1942 Eddy Mitchell
25%
1944 Jean-Pierre Castaldi
25%
1942 Michel Drucker
25%
1943 Mick Jagger
25%
1943 Salvatore Adamo
25%
1948 Barbara Hendricks
0%
1946 Bernard Lavilliers
0%
1941 Bob Dylan
0%
1940 Brian De Palma
0%
1941 Cesária Évora
0%
1948 Chantal Lauby
0%
1947 Coline Serreau
0%
1944 Dave
0%
1946 Franck Provost
0%
1949 George Foreman
0%
1942 Gérard Klein
0%
1947 Glenn Close
0%
1946 Hervé Vilard
0%
1948 Jean-Michel Jarre
0%
1945 Jean Nouvel
0%
1945 Jean-Patrick Capdevielle
0%
1942 Joe Biden
0%
1940 Macha Méril
0%
1940 Marlène Jobert
0%
1947 Martin Lamotte
0%
1944 Michel Polnareff
0%
1946 Nicole Garcia
0%
1949 Patrick Duffy
0%
1949 Philippe de Villiers
0%
1941 Pierre Douglas
0%
1945 Roger Bambuck
0%
1947 Stone
0%
1949 Thierry Sabine
0%
1945 Tom Selleck
0%
Aucun quiz correspondant
Distribution des résultats
% des personnes avec chaque résultat
Percentile par nombre de réponses
Votre historique - résultats
Vous n’avez pas pris ce quiz